000 00287nam a2200121Ia 4500
008 220204s9999 xx 000 0 und d
082 _a336.71
_bCHA;1
100 _aCHAUDHURI, B K
245 0 _aPractical banking
260 _aCalcutta
_bAcademic
_c1979
650 _aBanking
942 _cBK
999 _c32459
_d32459